000
00293nam a22001337a 4500
008
181022b xxu||||| |||| 00| 0 eng d
020
_a
0316104418
041
_a
eng
080
_a
579
100
_a
11
101
_a
MIKB
245
_a
Basic Medical Microbiology
_c
Boyd, R.F
942
_2
udc
_c
BK
999
_c
50469
_d
50469